| 000 | 00379nam a22000977a 4500 | ||
|---|---|---|---|
| 008 | 160606b xxu||||| |||| 00| 0 eng d | ||
| 100 | _aErler, Martin | ||
| 245 |
_aThe revenue stamps of Slovakia _b Die Fiskalmarken der Slovakei |
||
| 260 |
_aIcking, Germany _bORA Verlag _c1977 |
||
| 650 | _aCzechoslovakia | Slovakia (1939-1945) | Revenues | Catalogs and Price Lists | Cinderella Material | ||
| 999 |
_c2048 _d2048 |
||